00848nam a2200253 i 4500001000400000100001600004245003500020260006500055300002100120490002200141650003700163655002900200830002200229020000800251040000800259041000800267942000700275008004100282999001700323856009800340952005200438952005200490952005200542bgj1 aCURRY, Dean10aTalking English /cDean Curry. aWashington, D.C. :bUnited States Information Agency,c1991. a124 pp ;c26 cm.1 aSpeak Easy Series 9aEnglish languagexSpoken English aTextbooks for foreigners aSpeak Easy Series apbk cBPK aeng cKS s uk f |000 0 eng  c41329d41329 uhttp://koha.tu.koszalin.pl/cgi-bin/koha/opac-detail.pl?biblionumber=41329yKatalog online BPK 00104070aBPKbBPKckwoKA 1919p09010826yKS 00104070aBPKbBPKckwoKA 1920p09010833yKS 00104070aBPKbBPKckwoKA 1921p09010918yKS